000
00278nam a2200109Ia 4500
008
240109s9999 xx 000 0 und d
041
_a
eng
100
_a
R.L.Mills
245
_a
Statictics for Applied Economics and Business
260
_b
M.G.H Newyork
650
_a
Management
999
_c
1020505
_d
1020505